00665nam a2200217 a 450000100060000000300080000600500170001400800410003103500160007203500190008804000320010704100080013908200180014710000270016524500510019226000540024330000260029750400500032365000490037365000250042231412BD-RjUL20211209051710.0140415r19481937enk 001 0 eng d aoxf98220783 a(BD-RjUL)31499 aBNGcBNGdm.cdBD-RjULbeng aeng04a194bROD 19371 aRoth, Leon,d1896-196310aDescartes' Discourse on method /cby Leon Roth aOxford :bClarendon Press,c1937 [Reprinted 1948] aviii, 142 p. ;c20 cm aincludes bibliographical footnotes and index. aDiscours de la méthode (Descartes, René) aSciencexMethodology